Statistiques concernant Pays les plus proches de l'Albanie

Cliquez ici pour prendre le quiz!

Statistiques générales

  • Ce quiz a été pris 110 fois
  • Le résultat moyen est 16 sur 20

Statistiques - réponses

kmpays% Correct
0Grèce
100%
0Monténégro
98%
38Serbie
98%
73Italie
95%
148Bulgarie
94%
70Croatie
94%
0Kosovo
94%
266Roumanie
94%
0Macédoine
du Nord
93%
467Slovénie
90%
76Bosnie-
Herzégovine
88%
357Hongrie
84%
420Turquie
83%
532Autriche
82%
574Slovaquie
82%
640Ukraine
65%
570Vatican
58%
587Saint-Marin
55%
638Malte
51%
698Tchéquie
41%

Distribution des résultats

Percentile par nombre de réponses

% des personnes avec chaque résultat

Votre développement - résultats

Vous n’avez pas pris ce quiz